Protokol a etiketa v diplomacii a obchode

Saved in:
Bibliographic Details
Main Author: Tóth, Ľudovít (Author)
Format: Book
Language:Slovak
Published: B.m. : THB Tlačiarenská a vydavateľská spoločnosť, 1994
Subjects:
Tags: Add Tag
No Tags, Be the first to tag this record!

MARC

LEADER 00000nam a22000003a 4500
001 stu53924
005 20150617225704.6
008 000608s1994----xo------------------slo-d
020 |a 80-967166-6-2 
040 |a STU  |b slo 
041 0 |a slo 
044 |a xo 
080 |a 395 
080 |a 658 
100 1 |a Tóth, Ľudovít  |4 aut 
245 1 |a Protokol a etiketa v diplomacii a obchode 
260 |a B.m. :  |b THB Tlačiarenská a vydavateľská spoločnosť,  |c 1994 
300 |a 147 s 
650 7 |a etiketa  |2 stusub 
650 7 |a diplomacia  |2 stusub 
650 7 |a spoločenský protokol  |2 stusub 
650 7 |a obchodný protokol  |2 stusub 
650 7 |a diplomatický protokol  |2 stusub 
996 |b 284EK83010  |c E*83010  |l EE01  |s A  |a 24  |w stu53924_0001